[Event "Astrakhan Region-ch"]
[Site "Astrakhan"]
[Date "2013.10.07"]
[Round "3"]
[White "Akhmedzhanov, Kamil"]
[Black "Marchenko, Nikolay"]
[Result "1-0"]
[WhiteElo "2257"]
[BlackElo "1838"]
[PlyCount "68"]
[EventDate "2013.10.05"]
[EventType "swiss"]
[EventRounds "9"]
[EventCountry "RUS"]
[SourceTitle "EXT 2014"]
[Source "ChessBase"]
[SourceDate "2013.11.20"]
[SourceVersion "1"]
[SourceVersionDate "2013.11.20"]
[SourceQuality "1"]

1. c4 d6 2. g3 g6 3. Bg2 Bg7 4. Nc3 e5 5. e3 f5 6. Nge2 Nf6 7. d3 Nc6 8. Rb1 a5 9. a3 Be6 10. 0-0 0-0 11. Nd5 Bxd5 12. cxd5 Ne7 13. b4 axb4 14. axb4 Bh8 15. Qb3 g5 16. f4 h6 17. Bd2 Qd7 18. b5 Ng6 19. Qc4 Nh5 20. b6 Rac8 21. bxc7 Rxc7 22. Qb3 gxf4 23. exf4 exf4 24. Nxf4 Nhxf4 25. Bxf4 Nxf4 26. Rxf4 Rc3 27. Qd1 Qe7 28. Qf3 Rc2 29. Bh3 Re8 30. Bf1 Be5 31. Rxf5 Bd4+ 32. Kh1 Rf2 33. Qh5 Rxf5 34. Qxf5 Qe5 1-0

[Event "Astrakhan Gazprombank-A"]
[Site "Astrakhan"]
[Date "2013.03.06"]
[Round "5"]
[White "Akhmedzhanov, Kamil"]
[Black "Stambulian, Arsen"]
[Result "1/2-1/2"]
[WhiteElo "2278"]
[BlackElo "2405"]
[PlyCount "35"]
[EventDate "2013.03.02"]
[EventType "tourn"]
[EventRounds "9"]
[EventCountry "RUS"]
[EventCategory "2"]
[SourceTitle "CBM 153 Extra"]
[Source "ChessBase"]
[SourceDate "2013.04.22"]
[SourceVersion "1"]
[SourceVersionDate "2013.04.22"]
[SourceQuality "1"]

1. e4 e5 2. Nf3 Nc6 3. Bc4 Bc5 4. c3 Nf6 5. d4 exd4 6. cxd4 Bb4+ 7. Bd2 Bxd2+ 8. Nbxd2 d5 9. exd5 Nxd5 10. 0-0 0-0 11. Bb5 Nce7 12. Re1 c6 13. Bc4 Bg4 14. h3 Bh5 15. Qb3 Qb6 16. Qa3 Bxf3 17. Nxf3 Ng6 18. Bxd5 1/2-1/2

[Event "Astrakhan Gazprombank-A"]
[Site "Astrakhan"]
[Date "2013.03.04"]
[Round "3"]
[White "Akhmedzhanov, Kamil"]
[Black "Iljin, Timofey"]
[Result "0-1"]
[WhiteElo "2278"]
[BlackElo "2401"]
[PlyCount "124"]
[EventDate "2013.03.02"]
[EventType "tourn"]
[EventRounds "9"]
[EventCountry "RUS"]
[EventCategory "2"]
[SourceTitle "CBM 153 Extra"]
[Source "ChessBase"]
[SourceDate "2013.04.22"]
[SourceVersion "1"]
[SourceVersionDate "2013.04.22"]
[SourceQuality "1"]

1. Nf3 Nf6 2. b3 c5 3. e3 Nc6 4. Bb2 g6 5. Be2 Bg7 6. 0-0 0-0 7. c4 b6 8. d4 cxd4 9. Nxd4 Bb7 10. Bf3 Qc8 11. Qe2 Re8 12. Nb5 a6 13. N5c3 d6 14. Nd5 Nxd5 15. Bxd5 e6 16. Bf3 Ne5 17. Bxb7 Qxb7 18. f4 Nd7 19. Bxg7 Kxg7 20. Nc3 d5 21. cxd5 exd5 22. Rad1 Nf6 23. f5 Re5 24. fxg6 hxg6 25. Qb2 Rae8 26. Rf3 R8e6 27. Rdf1 Qe7 28. Ne2 Rd6 29. Nf4 Kg8 30. Qc3 Ne4 31. Qd4 Ng5 32. R3f2 Re4 33. Qd2 Rxe3 34. h4 d4 35. hxg5 d3 36. Rf3 Rxf3 37. Rxf3 Qxg5 38. Re3 Rd4 39. Nxd3 Kg7 40. Re2 Qg3 41. Re3 Qg5 42. Qe2 Rg4 43. Re5 Qh4 44. Re7 Rg5 45. Re4 Qg3 46. Re3 Qd6 47. Qb2+ f6 48. Nf2 Qd5 49. Ne4 Re5 50. Qe2 Qd4 51. g4 Rxe4 52. Kf2 f5 53. gxf5 gxf5 54. Kf3 Rxe3+ 55. Qxe3 Qxe3+ 56. Kxe3 Kf6 57. Kf4 Ke6 58. Kf3 Ke5 59. Ke3 f4+ 60. Kf3 Kf5 61. Kf2 Ke4 62. Ke2 a5 0-1

[Event "Belorechensk Seniors op"]
[Site "Belorechensk"]
[Date "2013.02.19"]
[Round "7"]
[White "Kiriushin, Vladimir"]
[Black "Akhmedzhanov, Kamil"]
[Result "1/2-1/2"]
[WhiteElo "2151"]
[BlackElo "2278"]
[PlyCount "74"]
[EventDate "2013.02.13"]
[EventType "swiss"]
[EventRounds "9"]
[EventCountry "RUS"]
[SourceTitle "CBM 153 Extra"]
[Source "ChessBase"]
[SourceDate "2013.04.22"]
[SourceVersion "1"]
[SourceVersionDate "2013.04.22"]
[SourceQuality "1"]

1. c4 c5 2. Nc3 Nf6 3. g3 e6 4. Bg2 Be7 5. e3 d6 6. Nge2 a6 7. d4 cxd4 8. exd4 Qc7 9. b3 Nbd7 10. 0-0 0-0 11. Bb2 Rb8 12. Rc1 b6 13. Nf4 Bb7 14. d5 e5 15. Nd3 Rbe8 16. Nb4 Nb8 17. Nc2 Nfd7 18. Ne3 f5 19. g4 fxg4 20. Nxg4 Rf4 21. Ne3 Ref8 22. Ne2 Rh4 23. Ng3 g6 24. Bf3 Bg5 25. Rc2 Rhf4 26. Bg4 Rxf2 27. Be6+ Kh8 28. Rcxf2 Bxe3 29. Qe2 Bxf2+ 30. Rxf2 Qd8 31. Ne4 Nf6 32. Nxd6 Qxd6 33. Qxe5 Qxe5 34. Bxe5 Kg7 35. Rxf6 Rxf6 36. Bxb8 Rxe6 37. dxe6 Kf6 1/2-1/2

[Event "Belorechensk Seniors op"]
[Site "Belorechensk"]
[Date "2013.02.17"]
[Round "5"]
[White "Lindenbaum, Viktor"]
[Black "Akhmedzhanov, Kamil"]
[Result "0-1"]
[WhiteElo "2003"]
[BlackElo "2278"]
[PlyCount "67"]
[EventDate "2013.02.13"]
[EventType "swiss"]
[EventRounds "9"]
[EventCountry "RUS"]
[SourceTitle "CBM 153 Extra"]
[Source "ChessBase"]
[SourceDate "2013.04.22"]
[SourceVersion "1"]
[SourceVersionDate "2013.04.22"]
[SourceQuality "1"]

1. d4 Nf6 2. c4 e6 3. Nc3 c5 4. d5 exd5 5. cxd5 d6 6. Nf3 g6 7. h3 a6 8. a4 Qe7 9. Bg5 Nbd7 10. e3 Bg7 11. Be2 h6 12. Bh4 0-0 13. 0-0 Re8 14. Qb3 Ne5 15. Nxe5 Qxe5 16. Bg3 Qe7 17. Qb6 Bf8 18. a5 Bf5 19. Bf3 Nd7 20. Qxb7 Bc2 21. Bg4 f5 22. Bd1 Bd3 23. Re1 Rab8 24. Qc6 Rec8 25. Qa4 Rxb2 26. Be2 c4 27. Qa3 Rb3 28. Qc1 Bg7 29. Na4 Bxe2 30. Rxe2 Bxa1 31. Qxa1 Qe4 32. Kh2 c3 33. Nb6 Nxb6 34. axb6 0-1

[Event "Astrakhan Ritminform Cup-A"]
[Site "Astrakhan"]
[Date "2013.01.10"]
[Round "6"]
[White "Akhmedzhanov, Kamil"]
[Black "Sokolov, Vladimir"]
[Result "1/2-1/2"]
[WhiteElo "2295"]
[BlackElo "2310"]
[PlyCount "44"]
[EventDate "2013.01.04"]
[EventType "tourn"]
[EventRounds "9"]
[EventCountry "RUS"]
[SourceTitle "EXT 2014"]
[Source "ChessBase"]
[SourceDate "2013.11.20"]
[SourceVersion "1"]
[SourceVersionDate "2013.11.20"]
[SourceQuality "1"]

1. g3 c5 2. Bg2 Nc6 3. Nf3 e5 4. 0-0 g6 5. c4 Bg7 6. Nc3 Nge7 7. d3 0-0 8. Ne1 f5 9. e3 d6 10. Rb1 Rb8 11. a3 a5 12. Nc2 Be6 13. Nd5 b5 14. b3 b4 15. a4 Kh8 16. Bb2 Bg8 17. f4 Nc8 18. Qd2 Nb6 19. d4 e4 20. Nxb6 Qxb6 21. Rfd1 Rbd8 22. d5 Nb8 1/2-1/2

[Event "Astrakhan Ritminform Cup-A"]
[Site "Astrakhan"]
[Date "2013.01.08"]
[Round "4"]
[White "Akhmedzhanov, Kamil"]
[Black "Dudin, Denis"]
[Result "1/2-1/2"]
[WhiteElo "2295"]
[BlackElo "2108"]
[PlyCount "36"]
[EventDate "2013.01.04"]
[EventType "tourn"]
[EventRounds "9"]
[EventCountry "RUS"]
[SourceTitle "EXT 2014"]
[Source "ChessBase"]
[SourceDate "2013.11.20"]
[SourceVersion "1"]
[SourceVersionDate "2013.11.20"]
[SourceQuality "1"]

1. d4 Nf6 2. c4 e6 3. Nc3 Bb4 4. e3 Bxc3+ 5. bxc3 d6 6. Bd3 0-0 7. Ne2 e5 8. Qc2 Re8 9. f3 Nbd7 10. 0-0 Nf8 11. Ng3 Ng6 12. Rb1 b6 13. c5 dxc5 14. dxc5 Qe7 15. Ne4 Bb7 16. Ba3 Bxe4 17. Bxe4 Nxe4 18. Qxe4 Qe6 1/2-1/2

[Event "Astrakhan Region-ch"]
[Site "Astrakhan"]
[Date "2012.10.16"]
[Round "4"]
[White "Akhmedzhanov, Kamil"]
[Black "Shaginjan, Armen"]
[Result "1/2-1/2"]
[WhiteElo "2286"]
[BlackElo "2375"]
[PlyCount "38"]
[EventDate "2012.10.13"]
[EventType "swiss"]
[EventRounds "9"]
[EventCountry "RUS"]
[SourceTitle "EXT 2023"]
[Source "ChessBase"]
[SourceDate "2022.10.05"]
[SourceVersion "1"]
[SourceVersionDate "2022.10.05"]
[SourceQuality "1"]

1. c4 Nf6 2. Nf3 c6 3. b3 d5 4. Bb2 e6 5. e3 Bd6 6. Be2 Nbd7 7. 0-0 e5 8. d3 0-0 9. Nbd2 a6 10. Qc2 Qe7 11. Rfd1 b5 12. a4 Bb7 13. Nf1 Rfe8 14. Ng3 g6 15. axb5 axb5 16. Rxa8 Rxa8 17. Ra1 Qd8 18. c5 Bc7 19. b4 Ne8 1/2-1/2

[Event "Astrakhan Ritminform"]
[Site "Astrakhan"]
[Date "2011.12.12"]
[Round "3"]
[White "Akhmedzhanov, Kamil"]
[Black "Sokolov, Vladimir1111"]
[Result "1/2-1/2"]
[WhiteElo "2266"]
[BlackElo "2057"]
[PlyCount "99"]
[EventDate "2011.12.10"]
[EventType "tourn"]
[EventRounds "9"]
[EventCountry "RUS"]
[SourceTitle "EXT 2013"]
[Source "ChessBase"]
[SourceDate "2012.11.22"]
[SourceVersion "1"]
[SourceVersionDate "2012.11.22"]
[SourceQuality "1"]

1. c4 e5 2. Nc3 c5 3. g3 Nc6 4. Bg2 g6 5. e3 Bg7 6. Nge2 Nge7 7. 0-0 0-0 8. a3 d6 9. Rb1 Be6 10. Nd5 a5 11. d3 Rb8 12. Bd2 b5 13. b3 f5 14. Bc3 Bf7 15. f4 b4 16. axb4 Nxb4 17. e4 Nexd5 18. cxd5 Be8 19. Bh3 Qb6 20. Kg2 Bb5 21. Rf3 Qa6 22. Nc1 exf4 23. Bxg7 Kxg7 24. Rb2 Nxd3 25. Rxd3 fxg3 26. Rc3 fxe4 27. Kxg3 Bf1 28. Be6 h5 29. Qe1 h4+ 30. Kxh4 Rf4+ 31. Kg3 Rbf8 32. h3 Qa8 33. Kh2 Qd8 34. Rg3 Qf6 35. Qc3 Rf2+ 36. Rxf2 Qxc3 37. Rxc3 Rxf2+ 38. Kg1 Rf6 39. Re3 Rf4 40. Ne2 Bxe2 41. Rxe2 Kf6 42. Rf2 Kg5 43. Rxf4 Kxf4 44. Kf2 c4 45. bxc4 a4 46. c5 a3 47. cxd6 a2 48. d7 a1Q 49. d8Q Qb2+ 50. Kg1 1/2-1/2

[Event "Astrakhan Ritminform"]
[Site "Astrakhan"]
[Date "2011.12.11"]
[Round "2"]
[White "Prokopenko, Roman"]
[Black "Akhmedzhanov, Kamil"]
[Result "0-1"]
[WhiteElo "2027"]
[BlackElo "2266"]
[PlyCount "50"]
[EventDate "2011.12.10"]
[EventType "tourn"]
[EventRounds "9"]
[EventCountry "RUS"]
[SourceTitle "EXT 2013"]
[Source "ChessBase"]
[SourceDate "2012.11.22"]
[SourceVersion "1"]
[SourceVersionDate "2012.11.22"]
[SourceQuality "1"]

1. e4 c5 2. Nf3 Nc6 3. d4 cxd4 4. Nxd4 Nf6 5. Nc3 d6 6. Be2 e5 7. Nb3 Be6 8. Bg5 Be7 9. Qd2 a6 10. 0-0-0 Bxb3 11. cxb3 Nd4 12. Be3 Rc8 13. Bxd4 Nxe4 14. Qd3 exd4 15. Qxe4 dxc3 16. Rhe1 g6 17. Bc4 cxb2+ 18. Kb1 Rc7 19. h4 b5 20. Bd5 Kf8 21. h5 Bf6 22. Rh1 Qe7 23. Qd3 Qe5 24. hxg6 hxg6 25. Rhe1 Rc1+ 0-1

[Event "Astrakhan-ch"]
[Site "Astrakhan"]
[Date "2011.11.21"]
[Round "3"]
[White "Sokolov, Vladimir1111"]
[Black "Akhmedzhanov, Kamil"]
[Result "1/2-1/2"]
[WhiteElo "2057"]
[BlackElo "2266"]
[PlyCount "68"]
[EventDate "2011.11.19"]
[EventType "swiss"]
[EventRounds "9"]
[EventCountry "RUS"]
[SourceTitle "EXT 2013"]
[Source "ChessBase"]
[SourceDate "2012.11.22"]
[SourceVersion "1"]
[SourceVersionDate "2012.11.22"]
[SourceQuality "1"]

1. e4 c5 2. c4 b6 3. g3 Bb7 4. Bg2 Nf6 5. Nc3 e6 6. Nge2 Be7 7. 0-0 Nc6 8. a3 a6 9. d3 Qc7 10. h3 Rd8 11. f4 d6 12. g4 Nd4 13. Nxd4 cxd4 14. Ne2 e5 15. g5 Nd7 16. Ng3 exf4 17. Nf5 Bf8 18. Bxf4 Ne5 19. Nxd4 g6 20. Qa4+ Rd7 21. Rad1 Bg7 22. Nc2 b5 23. cxb5 Qb6+ 24. Be3 Qxb5 25. Qxb5 axb5 26. Nb4 h5 27. Rc1 0-0 28. b3 Ra8 29. d4 Rxa3 30. dxe5 Rxb3 31. Bd2 dxe5 32. Nd5 Rb2 33. Bc3 Rb3 34. Rb1 Bxd5 1/2-1/2

[Event "Astrakhan op"]
[Site "Astrakhan"]
[Date "2011.08.25"]
[Round "9.4"]
[White "Wagner, Dinara"]
[Black "Akhmedzhanov, Kamil"]
[Result "1-0"]
[WhiteElo "2008"]
[BlackElo "2292"]
[PlyCount "95"]
[EventDate "2011.08.17"]
[EventType "swiss"]
[EventRounds "9"]
[EventCountry "RUS"]
[SourceTitle "EXT 2022"]
[Source "ChessBase"]
[SourceDate "2021.10.06"]
[SourceVersion "1"]
[SourceVersionDate "2021.10.06"]
[SourceQuality "1"]

1. e4 c5 2. Nf3 d6 3. d4 cxd4 4. Nxd4 Nf6 5. Nc3 a6 6. a4 g6 7. Be2 Bg7 8. Be3 Nc6 9. 0-0 Ng4 10. Bxg4 Bxg4 11. Nxc6 Bxd1 12. Nxd8 Bxc2 13. Rfc1 Bxe4 14. Nxe4 Bxb2 15. Nxb7 Kd7 16. Nbc5+ dxc5 17. Rd1+ Ke8 18. Rab1 Bd4 19. Bxd4 cxd4 20. Rxd4 f5 21. Ng5 h6 22. Ne6 Kf7 23. Nc7 Rab8 24. Rxb8 Rxb8 25. g3 Rb6 26. Rc4 e6 27. Rc5 Ke7 28. Ra5 Kd7 29. Nxa6 Kc6 30. Nc5 Rb1+ 31. Kg2 Kb6 32. Ra6+ Kxc5 33. Rxe6 Ra1 34. Rxg6 Kd5 35. Rxh6 Rxa4 36. Rg6 Ra8 37. h4 Rh8 38. Kf3 Ke5 39. Ra6 Rb8 40. h5 Rb3+ 41. Kg2 Rb2 42. h6 Rb7 43. Kh3 f4 44. g4 Ke4 45. Kg2 Rh7 46. Rg6 Rh8 47. g5 Kf5 48. Rg7 1-0

[Event "Astrakhan Major Cup"]
[Site "Astrakhan"]
[Date "2010.08.30"]
[Round "10"]
[White "Akhmedzhanov, Kamil"]
[Black "Voronov, Dmitry"]
[Result "0-1"]
[WhiteElo "2317"]
[BlackElo "2206"]
[PlyCount "76"]
[EventDate "2010.08.21"]
[EventType "tourn"]
[EventRounds "11"]
[EventCountry "RUS"]
[EventCategory "2"]
[SourceTitle "EXT 2013"]
[Source "ChessBase"]
[SourceDate "2012.11.22"]
[SourceVersion "1"]
[SourceVersionDate "2012.11.22"]
[SourceQuality "1"]

1. Nf3 d5 2. c4 dxc4 3. Na3 Nf6 4. Nxc4 e6 5. g3 c5 6. Bg2 Nc6 7. b3 Be7 8. Bb2 0-0 9. 0-0 Nd5 10. d4 cxd4 11. Nxd4 Nxd4 12. Qxd4 Bf6 13. Qd2 Bxb2 14. Qxb2 b5 15. Ne5 Bb7 16. Rfd1 Qf6 17. Rd2 Rfb8 18. Rc1 Rc8 19. Rdc2 Rxc2 20. Rxc2 Rd8 21. a3 Ne3 22. Rd2 Nxg2 23. Nf3 Rxd2 24. Qxd2 g5 25. h3 h5 26. Nxg5 Ne3 27. f4 Nf5 28. e3 Qa1+ 29. Kf2 Qh1 30. Qd8+ Kg7 31. Nxe6+ fxe6 32. Qd7+ Kg6 33. Qd8 Kf7 34. Qd7+ Ne7 35. Qxb5 Qf3+ 36. Ke1 Qxe3+ 37. Kf1 Qf3+ 38. Ke1 Qxg3+ 0-1

[Event "Astrakhan Major Cup"]
[Site "Astrakhan"]
[Date "2010.08.22"]
[Round "2"]
[White "Shaginjan, Armen"]
[Black "Akhmedzhanov, Kamil"]
[Result "1/2-1/2"]
[WhiteElo "2380"]
[BlackElo "2317"]
[PlyCount "54"]
[EventDate "2010.08.21"]
[EventType "tourn"]
[EventRounds "11"]
[EventCountry "RUS"]
[EventCategory "2"]
[SourceTitle "EXT 2013"]
[Source "ChessBase"]
[SourceDate "2012.11.22"]
[SourceVersion "1"]
[SourceVersionDate "2012.11.22"]
[SourceQuality "1"]

1. e4 c5 2. Nf3 d6 3. d4 cxd4 4. Nxd4 Nf6 5. Nc3 a6 6. Bg5 Nbd7 7. f4 Qc7 8. Qf3 e6 9. 0-0-0 b5 10. a3 Bb7 11. Bd3 Qb6 12. Bxf6 gxf6 13. Be2 f5 14. Qe3 Bh6 15. Kb1 0-0-0 16. Bf3 Ne5 17. Nce2 Qc5 18. Nxf5 exf5 19. Qxc5+ dxc5 20. fxe5 fxe4 21. Bg4+ Kc7 22. Rxd8 Rxd8 23. Rf1 Rf8 24. Ng3 Bg7 25. Re1 Re8 26. e6 fxe6 27. Nxe4 Bxe4 1/2-1/2

[Event "Astrakhan Cup"]
[Site "Astrakhan"]
[Date "2008.08.??"]
[Round "?"]
[White "Akhmedzhanov, Kamil"]
[Black "Lavretzkij, Roman"]
[Result "1/2-1/2"]
[WhiteElo "2335"]
[BlackElo "2346"]
[PlyCount "21"]
[EventDate "2008.08.??"]
[EventType "tourn"]
[EventRounds "11"]
[EventCountry "RUS"]
[EventCategory "3"]
[SourceTitle "EXT 2010"]
[Source "ChessBase"]
[SourceDate "2010.11.25"]
[SourceVersion "1"]
[SourceVersionDate "2010.11.25"]
[SourceQuality "1"]

1. Nf3 d5 2. c4 c6 3. e3 Nf6 4. b3 Bg4 5. Bb2 e6 6. Be2 Nbd7 7. 0-0 Bd6 8. d3 Qe7 9. Nbd2 Ba3 10. Bxa3 Qxa3 11. Qc1 1/2-1/2

[Event "Astrakhan Cup"]
[Site "Astrakhan"]
[Date "2008.08.??"]
[Round "?"]
[White "Akhmedzhanov, Kamil"]
[Black "Soshnikov, Mikhail"]
[Result "0-1"]
[WhiteElo "2335"]
[BlackElo "2407"]
[PlyCount "124"]
[EventDate "2008.08.??"]
[EventType "tourn"]
[EventRounds "11"]
[EventCountry "RUS"]
[EventCategory "3"]
[SourceTitle "EXT 2010"]
[Source "ChessBase"]
[SourceDate "2010.11.25"]
[SourceVersion "1"]
[SourceVersionDate "2010.11.25"]
[SourceQuality "1"]

1. Nf3 d5 2. d4 Nf6 3. e3 e6 4. Bd3 b6 5. c3 Bd6 6. Nbd2 0-0 7. Qe2 Bb7 8. e4 Nh5 9. g3 f5 10. exf5 exf5 11. Ne5 g6 12. Ndf3 Nf6 13. Bg5 Qc8 14. 0-0 Ne4 15. Bf4 Nd7 16. Nxd7 Qxd7 17. Ne5 Qe6 18. f3 Nf6 19. Rae1 c5 20. Nxg6 Qxe2 21. Rxe2 hxg6 22. Bxd6 c4 23. Bxf8 cxd3 24. Re7 Kxf8 25. Rxb7 Re8 26. Rf2 Ne4 27. Rf1 Nd2 28. Rd1 Re2 29. Rh7 Kg8 30. Rh3 Nxf3+ 31. Kf1 Nxh2+ 32. Kg1 d2 33. Rxh2 Re1+ 34. Kf2 Rxd1 35. Ke3 Rg1 36. Rxd2 Rxg3+ 37. Kf4 Rg4+ 38. Ke5 f4 39. Kxd5 f3 40. Kc6 Rf4 41. Rf2 g5 42. d5 g4 43. d6 Kf7 44. d7 Ke7 45. Rh2 Rc4+ 46. Kd5 Rc5+ 47. Ke4 Kxd7 48. Kf4 Rc4+ 49. Kg3 Ke6 50. Rh7 Ra4 51. b3 Rxa2 52. Kxg4 f2 53. Rh1 Ke5 54. Kf3 Rc2 55. b4 Kd5 56. Ra1 Kc4 57. Kg2 Kxc3 58. b5 Kc4 59. Rb1 Kd3 60. Kf1 Ra2 61. Rb4 Kc3 62. Rf4 Rb2 0-1